000 00757nam a2200241 a 4500
001 BRCA_3743
005 20190320204416.0
008 150909m19451947mx-#---###---#000-0#spa-#
041 _aspa
044 _amx
050 4 _aF1226
_b.G73 9-12
_c1945
100 1 _aAlamán, Lucas
_d1792-1853
_99750
245 1 0 _aDocumentos diversos (inéditos y muy raros)
_cLucas Alamán ; compilación de Rafael Aguayo Spencer.
260 _aMéxico
_bJus
_c1945, 1947
300 _a4 v.
_c24 cm.
440 0 _aGrandes autores mexicanos Lucas Alamán. Obras
_v9-12
_99751
500 _aEjemplar numerado 47 de 500
500 _aC5
651 4 _aMéxico
_xHistoria
_y1821-1861
_9618
700 1 _aAguayo Spencer, Rafael
_ecompilador
_99752
902 _aGFM
942 _2lcc
_cB
999 _c3472
_d3472